00493nam a2200145Ia 4500008004000000082001300040100002300053245005300076260004200129300000800171690001900179906001200198999001900210952011800229210210b1976 xxu||||| |||| 00| 0 eng d a954 SINW aSINGH (Khushwant). aWar and peace in India, Pakistan and Bangladesh. aNew Delhi.bHind Pocket Books.,c1976 a152 aIndian History aSG01246 c112908d112908 001040708HistoryaALbALcHistoryd2021-02-17g0.00l0o954 SINWpSG01246r2021-02-17 00:00:00w2021-02-17ySG